000
00332nam a22001577a 4500
005
20160701114019.0
008
160701b xxu||||| |||| 00| 0 eng d
041
_a
eng
082
_b
20327
100
_a
Tittel ED
_9
3377
245
_a
XML
260
_b
TMH
300
_a
201
650
_a
Information Technology
_9
137
942
_c
BK
999
_c
5053
_d
5051